000 00553nam a2200229 a 4500
001 nice12345678
003 IN_TiNIC
005 20260116012946.0
008 050524s1969 dela grp 000 0 eng
020 _a
_c100
082 0 0 _a305.6945097
_bAHM
100 _aAhmad, S Maqbul
245 _aIndo-Arab Relations
260 _aDelhi
_bIndian Council for Cult.Relations
_c1969
300 _a187p
500 _aincludes index and biblioraphy
505 2 _aIndex
700 1 _aAhmad, S Maqbul
902 _bSRS
942 _cBK
999 _c9059
_d9059